A TEXTBOOK OF HUMAN ANATOMY AND PHYSIOLOGY-II [SEM-II] (Record no. 7911)

MARC details
000 -LEADER
fixed length control field 00472nam a22001697a 4500
005 - DATE AND TIME OF LATEST TRANSACTION
control field 20230116100201.0
008 - FIXED-LENGTH DATA ELEMENTS--GENERAL INFORMATION
fixed length control field 220210b ||||| |||| 00| 0 eng d
020 ## - INTERNATIONAL STANDARD BOOK NUMBER
ISBN 978-93-88897-99-0
041 ## - LANGUAGE CODE
Language code of text/sound track or separate title eng
082 ## - DEWEY DECIMAL CLASSIFICATION NUMBER
Classification number 612
100 ## - MAIN ENTRY--AUTHOR NAME
Personal name MANDLIK, DR. DEEPA.S. AND MANDLIK, PROF.SATISH.K
245 ## - TITLE STATEMENT
Title A TEXTBOOK OF HUMAN ANATOMY AND PHYSIOLOGY-II [SEM-II]
260 ## - PUBLICATION, DISTRIBUTION, ETC. (IMPRINT)
Place of publication PUNE
Name of publisher NIRALI PRAKASHAN
300 ## - PHYSICAL DESCRIPTION
Number of Pages I.4;p
650 ## - SUBJECT ADDED ENTRY--TOPICAL TERM
Topical Term PHARMACY
General subdivision B.PHARMA
942 ## - ADDED ENTRY ELEMENTS (KOHA)
Koha item type Books
Holdings
Lost status Damaged status Collection code Home library Current library Shelving location Date acquired Source of acquisition Cost, normal purchase price Full call number Accession Number Koha item type
    PHARMACY JRU Library JRU Library Shelf - 23- H 10/02/2022 PURCHASE 210.00 612 26198 Books
    PHARMACY JRU Library JRU Library Shelf - 23- H 10/02/2022 PURCHASE 210.00 612 26199 Books